History Quiz

Random History or State Quiz

States from Their First Governors Quiz Stats

 Plays Quiz not verified by Sporcle

Score 0/50 Timer 05:00
0 Plays Today
% Correct
Hawaii
79.3%
Alaska
72.4%
New Mexico
72.4%
Virginia
65.5%
Massachusetts
65.5%
Arizona
65.5%
New Jersey
55.2%
Maine
55.2%
Oklahoma
55.2%
South Carolina
51.7%
Louisiana
51.7%
Idaho
44.8%
Connecticut
44.8%
Wyoming
44.8%
New York
44.8%
Texas
41.4%
California
41.4%
Montana
41.4%
Georgia
37.9%
North Dakota
34.5%
Delaware
34.5%
Florida
31%
Rhode Island
31%
Colorado
31%
Pennsylvania
31%
% Correct
Nebraska
27.6%
Illinois
27.6%
West Virginia
27.6%
South Dakota
27.6%
Missouri
24.1%
Kansas
24.1%
New Hampshire
24.1%
Vermont
24.1%
Arkansas
20.7%
Utah
20.7%
Ohio
20.7%
North Carolina
17.2%
Michigan
13.8%
Nevada
13.8%
Wisconsin
13.8%
Oregon
13.8%
Kentucky
13.8%
Arkansas
10.3%
Maryland
10.3%
Iowa
10.3%
Mississippi
10.3%
Minnesota
10.3%
Washington
3.4%
Indiana
3.4%
Tennessee
3.4%

You're not logged in!

Compare scores with friends on all Sporcle quizzes.
OR
Log In

You Might Also Like...

Show Comments

Extras

Created Feb 16, 2012ReportNominate
Tags:State Quiz, governor

Top Quizzes Today


Score Distribution

Your Account Isn't Verified!

In order to create a playlist on Sporcle, you need to verify the email address you used during registration. Go to your Sporcle Settings to finish the process.

Report this User

Report this user for behavior that violates our Community Guidelines.

Details: